| 000 | 00357cam a22001217a 4500 | ||
|---|---|---|---|
| 008 | 180718b1962 xxu||||| |||| 00| 0 eng d | ||
| 082 | _aA6x47 W589 | ||
| 100 | _aWhiting, Kenneth R. | ||
| 245 |
_aThe Soviet Union today: a concise handbook _cby Kenneth R. Whiting |
||
| 260 |
_aLondon _bThames and Hudson _c1962 |
||
| 300 | _aix,405p. | ||
| 650 | _aSoviet Union. | ||
| 999 |
_c411286 _d411286 |
||